000 00382nam a22001217a 4500
008 161102b xxu||||| |||| 00| 0 eng d
050 _aBX1750.N43C45
100 _aNewman, John Henry
_98612
245 _aDiscussions and arguments on various subjects
_c/John Henry Newman
300 _avi,404p.;
_c18cm.
650 _aChurch
_xHistory and doctrines
_927213
942 _2lcc
_cMONOGRAPH
999 _c125645
_d125645